000 00482nam a22001937a 4500
003 MPLRDC
005 20220104123932.0
008 210129b ||||| |||| 00| 0 eng d
020 _a957-32-1105-X
082 _a618 SYLS v.10
100 _a吴晗
245 _a朱元璋大传
_c
250 _a初版十六刷
260 _a
_b远流出版事业股份有限
_c1991
300 _b
490 _a实用历史. 10
650 _a中国史地丛书
942 _cBK
_o618 SYLS v.10
999 _c15351
_d15341